00262nam a2200085Ia 4500100000900000654006900009245007100078260001500149546001200164 a#N/A a450 mb java/ diskeeper 9/ openoffice.org.1.1.3/ firefox 1.0/ sdk a450 MB Java/ Diskeeper 9/ Open office .org 1.1.3/ Firefox 1.0/ SDK b#N/Ac2004 aENGLISH